[Event "Preinscritos IRT Online"]
[Site "Chess.com INT"]
[Date "2020.12.26"]
[Round "7"]
[White "Cruz Pena, Zoe Solange"]
[Black "Parra Guzman, David Sebastian"]
[Result "1-0"]
[WhiteElo "360"]
[BlackElo "796"]
[PlyCount "29"]
[EventDate "2020.12.26"]
[EventType "swiss"]
[EventRounds "11"]
[EventCountry "ECU"]
[SourceTitle "CBM 200 Extra"]
[Source "ChessBase"]
[SourceDate "2021.03.31"]
[SourceVersion "1"]
[SourceVersionDate "2021.03.31"]
[SourceQuality "1"]

1. e4 e5 2. Nf3 Nf6 3. Nc3 Nc6 4. Bc4 Bc5 5. 0-0 0-0 6. d4 exd4 7. Ne2 Nxe4 8. Nexd4 Nxd4 9. Nxd4 Bd6 10. Nf5 Qg5 11. Nxd6 Qe5 12. Nxc8 Raxc8 13. g3 Qd4 14. Qxd4 Nf6 15. Bg5 1-0

[Event "Preinscritos IRT Online"]
[Site "Chess.com INT"]
[Date "2020.12.26"]
[Round "6"]
[White "Krishan Rani, Tejasvi Arora"]
[Black "Parra Guzman, David Sebastian"]
[Result "1-0"]
[WhiteElo "1186"]
[BlackElo "796"]
[PlyCount "61"]
[EventDate "2020.12.26"]
[EventType "swiss"]
[EventRounds "11"]
[EventCountry "ECU"]
[SourceTitle "CBM 200 Extra"]
[Source "ChessBase"]
[SourceDate "2021.03.31"]
[SourceVersion "1"]
[SourceVersionDate "2021.03.31"]
[SourceQuality "1"]

1. e4 e5 2. d4 exd4 3. Qxd4 b6 4. Qd1 Bc5 5. Nc3 Nf6 6. Nf3 Bb7 7. Bd3 0-0 8. 0-0 Qe7 9. Re1 h6 10. e5 Ng4 11. Be3 Bxe3 12. fxe3 Bxf3 13. Qxf3 Qh4 14. h3 Nxe5 15. Qf5 Nxd3 16. Qxd3 Nc6 17. Ne4 Rad8 18. Nf2 Nb4 19. Qd2 Rfe8 20. c3 Nd5 21. c4 Nf6 22. Qd3 d5 23. cxd5 Rxd5 24. Qc3 Ng4 25. Nxg4 f5 26. Rad1 fxg4 27. hxg4 Rxd1 28. Rxd1 Qxg4 29. Qxc7 Rxe3 30. Rd8+ Kh7 31. Qc1 1-0